Lady Byng Memorial Trophy Winners - Statistics

General Stats
  • This quiz has been taken 69 times
    34 since last reset
  • The average score is 30 of 100
Answer Stats
Year Winner % Correct
1979-80 | 1990-91 | 1991-92 | +2 others Wayne Gretzky
80%
2018-19 Aleksander Barkov
56%
1964-65 Bobby Hull
56%
1989-90 Brett Hull
56%
2015-16 | 2022-23 | 2024-25 Anže Kopitar
52%
1984-85 Jari Kurri
48%
1982-83 | 1983-84 | 1985-86 Mike Bossy
48%
2005-06 | 2006-07 | 2007-08 | 2008-09 Pavel Datsyuk
48%
2009-10 | 2010-11 | 2012-13 Martin St. Louis
44%
1966-67 | 1967-68 Stan Mikita
44%
1974-75 | 1976-77 Marcel Dionne
40%
1987-88 Mats Naslund
40%
2019-20 Nathan MacKinnon
40%
1995-96 | 1996-97 Paul Kariya
40%
1961-62 | 1962-63 Dave Keon
36%
1972-73 Gilbert Perreault
36%
1971-72 | 1975-76 Jean Ratelle
36%
1981-82 Rick Middleton
36%
2002-03 Alexander Mogilny
32%
2000-01 Joe Sakic
32%
1970-71 | 1973-74 Johnny Bucyk
32%
1992-93 Pierre Turgeon
32%
1941-42 Syl Apps
32%
1977-78 Butch Goring
28%
2020-21 | 2023-24 Jaccob Slavin
28%
2016-17 Johnny Gaudreau
28%
1942-43 Max Bentley
28%
1994-95 | 1997-98 | 2001-02 Ron Francis
28%
1958-59 | 1965-66 | 1968-69 Alex Delvecchio
24%
1986-87 | 1988-89 Joe Mullen
24%
1999-00 Pavol Demitra
24%
1980-81 Rick Kehoe
24%
1945-46 Toe Blake
24%
1947-48 Buddy O'Connor
20%
1938-39 | 1943-44 Clint Smith
20%
1924-25 | 1925-26 Frank Nighbor
20%
2013-14 Ryan O'Reilly
20%
1951-52 | 1954-55 Sid Smith
20%
2017-18 William Karlsson
20%
1949-50 Edgar Laprade
16%
1927-28 | 1928-29 | 1929-30 | +4 others Frank Boucher
16%
2014-15 Jiri Hudler
16%
1931-32 Joe Primeau
16%
1950-51 | 1952-53 | 1953-54 | 1960-61 Red Kelly
16%
1956-57 Andy Hebenton
12%
1944-45 Bill Mosienko
12%
1948-49 Bill Quackenbush
12%
1926-27 Billy Burch
12%
1939-40 | 1940-41 | 1946-47 Bobby Bauer
12%
1978-79 Bob MacMillan
12%
2003-04 Brad Richards
12%
2011-12 Brian Campbell
12%
1957-58 Camille Henry
12%
1937-38 Gordie Drillon
12%
1963-64 Kenny Wharram
12%
2021-22 Kyle Connor
12%
1936-37 Marty Barry
12%
1969-70 Phil Goyette
12%
1935-36 Doc Romnes
8%
1959-60 Don McKenney
8%
1955-56 Earl Reibel
8%
No matching quizzes found
Score Distribution
Percent of People with Each Score
Percentile by Number Answered
Your Score History
You have not taken this quiz since the last reset